Structured COBOL with Business Applications

Salvato in:
Dettagli Bibliografici
Autore principale: Myers, Stanley E.
Natura: Libro
Lingua:inglese
Pubblicazione: Englewood Cliffs Prentice-Hall 1988
Edizione:1. ed.
Tags: Aggiungi Tag
Nessun Tag, puoi essere il primo ad aggiungerne!!

MARC

LEADER 00000nam a2200000 4500
001 c036975
005 20221219120652.0
041 0 |a eng 
044 |a US 
245 1 0 |a Structured COBOL with Business Applications  |c Stanley E. Myers 
250 |a 1. ed. 
264 1 |a Englewood Cliffs  |b Prentice-Hall  |c 1988 
300 |a 772 s. 
100 1 |a Myers, Stanley E.